| 000 | 01158nam0a2200301 4500 | ||
|---|---|---|---|
| 001 | RU\NLR\ONL2\19123 | ||
| 005 | 20250613131812.0 | ||
| 010 |
_a978-5-7534-1188-4 _9500 |
||
| 035 | _a(NLR Aleph) 009666708 | ||
| 090 |
_a9640605 _c9640605 |
||
| 100 | _a20101124d2009 |||y0rusy50 ca | ||
| 101 | 0 | _aoss | |
| 102 | _aRU | ||
| 105 | _ac ||||||||| | ||
| 200 | 1 |
_aЧиныг - царды айдӕн _eлитературон-критикон уацтӕ _fӔлборты Хадзы-Умар |
|
| 210 |
_aДзӕуджыхъӕу _cИр _d2009 |
||
| 215 |
_a238,[2] с. _cпортр. _d22 |
||
| 541 | 1 |
_6z01790 _aКнига - зеркало жизни _eлитературно-критические статьи _zrus |
|
| 606 | 0 |
_aОсетинская литература _xИстория _92175875 _3RU\NLR\auth-onl\66288 |
|
| 686 | 1 | _aШ5(2=Осет)7-3 | |
| 700 | 1 |
_aӔлборты _bХ. -У. _gХадзы-Умар _4070 |
|
| 790 | 1 |
_6z01541 _aАлборов _bХ. -У. Н. _gХадзы-Умар Нестерович _4070 |
|
| 801 | 0 |
_aRU _bNLR _c20101124 _gPSBO |
|
| 852 |
_aNLR _bОНЛ _jОсет./3-2373 |
||
| 942 | _cBOOK | ||
| 980 | _aNB | ||
| 980 | _aONL_RF | ||